| 000 | 01116nam a2200337Ia 4500 | ||
|---|---|---|---|
| 003 | OSt | ||
| 005 | 20220912151450.0 | ||
| 006 | a|||||r|||| 00| 0 | ||
| 007 | ta | ||
| 008 | 220909b |||||||| |||| 00| 0 eng d | ||
| 020 | _a3527295127 (pbk) | ||
| 024 | _a5741 | ||
| 037 | _bEducational, | ||
| 037 | _cTextual | ||
| 040 |
_aCSL _beng _cCSL |
||
| 041 | _aeng | ||
| 082 | _aE:3,G7, N8 | ||
| 100 | _aBraun S | ||
| 245 | 0 | _a150 and more basic NMR experiments: a practical course by S Braun and REFs | |
| 250 | _aEd 2 | ||
| 260 |
_aWeinheim _bWiley-VCH _c1998 |
||
| 300 | _a596p | ||
| 500 | _aAppendix 1-2, 575-580p; Glossary and Index 581-596p; ^n23/CSL/E-IX Plan/98-99/6860^d1998-12-28^mPurchase; ; 98-99/496^b1999-01-12^cEBA/206^d1999-01-11^eEducationalBook Agency (India); ; 1999-01-28^c1999-02-26^r1999-05-07 | ||
| 650 | _a Analytical | ||
| 650 | _a Nuclear magnetic resonance | ||
| 650 | _aChemistry | ||
| 700 | _a Berger S | ||
| 700 | _a Kalinowski H -O | ||
| 942 |
_hE:3,G7, N8 _cTEXL _2CC |
||
| 999 |
_c69136 _d69136 |
||